000 00404 a2200133 4500
001 57695
082 _a80301
090 _c35376
_d35376
245 _aBasic AC circuits lesson 11 - RLC circuit analysis 23:36 min [ vido cassette]
260 _aWI
_bWisconsin Technical college sys fundation
500 _aCD/DVD video cassette
505 _aAvionics
610 _aWisconsin Technical college sys fundation
942 _aNUST-CAE
_k80301
999 _c292768
_d292768